20 viimeisintä kuntaliitosta - Statistics

Yleistilastot
  • Tätä visaa on pelattu 41 kertaa
  • Keskiarvotulos 9 / 20
Vastaustilastot
Vuosi Entinen kunta Uusi kunta % Oikein
2025 Pertunmaa Mäntyharju
70%
2013 Punkaharju Savonlinna
63%
2013 Kiiminki Oulu
59%
2015 Lavia Pori
56%
2016 Köyliö Säkylä
52%
2017 Luvia Eurajoki
52%
2016 Nastola Lahti
52%
2013 Oulunsalo Oulu
52%
2021 Honkajoki Kankaanpää
48%
2016 Jalasjärvi Kurikka
48%
2013 Yli-Ii Oulu
48%
2013 Kerimäki Savonlinna
44%
2013 Vähäkyrö Vaasa
44%
2017 Juankoski Kuopio
41%
2015 Tarvasjoki Lieto
41%
2013 Kiikoinen Sastamala
37%
2020 Valtimo Nurmes
37%
2013 Vihanti Raahe
37%
2016 Hämeenkoski Hollola
33%
2015 Maaninka Kuopio
33%
Ehtoja vastaavia visoja ei löytynyt
Tulosjakauma
Jokaisen tuloksen saaneiden osuus
Persentiili vastausten määrän mukaan
Tuloshistoriasi
Et ole pelannut tätä visaa